[Event "Madrid-chT 2324"]
[Site "Madrid"]
[Date "2024.02.04"]
[Round "8.4"]
[White "Gallego Bergada, Antoni"]
[Black "Martinez Fernandez, Raul"]
[Result "0-1"]
[WhiteElo "2123"]
[BlackElo "2183"]
[PlyCount "118"]
[EventDate "2023.11.19"]
[EventType "team-tourn"]
[EventRounds "14"]
[EventCountry "ESP"]
[SourceTitle "AjedrezenMadrid"]
[Source "lmi"]
[SourceDate "2023.11.19"]
[SourceVersion "1"]
[SourceVersionDate "2024.03.19"]
[SourceQuality "1"]
[WhiteTeam "San Fernando de Henares"]
[BlackTeam "San Sebastian de los Reyes"]
[WhiteTeamCountry "ESP"]
[BlackTeamCountry "ESP"]

1. e4 e5 2. Nf3 Nc6 3. Bc4 Nf6 4. Ng5 d5 5. exd5 Na5 6. Bb5+ c6 7. dxc6 bxc6 8.
Bd3 Nd5 9. Nf3 Bd6 10. Nc3 Nf4 11. O-O Nxd3 12. cxd3 c5 13. Ne4 O-O 14. Re1 Re8
15. b3 Bf8 16. Ba3 Nc6 17. Qc2 Nb4 18. Bxb4 cxb4 19. Ng3 Bb7 20. Rxe5 Rxe5 21.
Nxe5 Rc8 22. Qd1 Qd5 23. Nf3 Qxd3 24. Ne1 Qd4 25. Rc1 Rxc1 26. Qxc1 Bc5 27. Nh1
Be4 28. h3 h5 29. d3 Bd5 30. Qd1 g6 31. Nc2 Qb2 32. d4 Bf8 33. Ne3 Be4 34. d5
Qb1 35. Ng3 Qxd1+ 36. Nxd1 Bb1 37. Ne2 Bxa2 38. Nd4 Bc5 39. Nc6 Bxb3 40. Ne3
Bxe3 41. fxe3 Bxd5 42. Ne7+ Kf8 43. Nxd5 a5 44. Kf2 Ke8 45. Ke2 Kd7 46. Kd3 Ke6
47. Kd4 h4 48. e4 b3 49. Nc3 b2 50. Nb1 a4 51. Na3 Kf6 52. Kd5 Kg5 53. Ke5 f6+
54. Ke6 Kf4 55. Kxf6 Kxe4 56. Kxg6 Kd3 57. Kg5 Kc3 58. Kxh4 Kb3 59. Nb1 a3 0-1

[Event "Madrid-chT 2324"]
[Site "Madrid"]
[Date "2024.02.04"]
[Round "8.4"]
[White "Lozano Ramirez, Nestor Favian"]
[Black "Rodriguez Avila, Alvaro"]
[Result "0-1"]
[WhiteElo "2222"]
[BlackElo "2186"]
[PlyCount "100"]
[EventDate "2023.11.19"]
[EventType "team-tourn"]
[EventRounds "14"]
[EventCountry "ESP"]
[SourceTitle "AjedrezenMadrid"]
[Source "lmi"]
[SourceDate "2023.11.19"]
[SourceVersion "1"]
[SourceVersionDate "2024.03.19"]
[SourceQuality "1"]
[WhiteTeam "Alcorcon Diagonal"]
[BlackTeam "Tajamar"]
[WhiteTeamCountry "ESP"]
[BlackTeamCountry "ESP"]

1. c4 Nf6 2. g3 e6 3. Bg2 d5 4. Nf3 Be7 5. O-O d4 6. e3 c5 7. exd4 cxd4 8. b4
O-O 9. a3 a5 10. b5 Nbd7 11. Re1 Nc5 12. d3 a4 13. Bb2 Nb3 14. Ra2 Bc5 15. Nbd2
Nxd2 16. Qxd2 Qd6 17. Qg5 Nd7 18. Qh4 e5 19. Ng5 h6 20. Ne4 Qg6 21. f4 Ba7 22.
Bc1 Re8 23. f5 Qxf5 24. Nd6 Qe6 25. Nxe8 Qxe8 26. Rae2 Kf8 27. Bd2 Kg8 28. Bd5
Bc5 29. Bb4 Bxb4 30. axb4 Qf8 31. c5 a3 32. Ba2 Ra4 33. c6 bxc6 34. bxc6 Nf6
35. Rxe5 Rxb4 36. Qf4 Rb2 37. R5e2 Bg4 38. Rxb2 axb2 39. Qxd4 Qc8 40. Qb6 Bf3
41. c7 Nd7 42. Qd6 Bg4 43. Rb1 Qb7 44. Rxb2 Qxb2 45. c8=Q+ Kh7 46. Qf4 Ne5 47.
Qe4+ g6 48. Qc7 Bf3 49. Qxf7+ Nxf7 50. Qxf3 Qxa2 0-1

[Event "Madrid-chT 2324"]
[Site "Madrid"]
[Date "2024.02.03"]
[Round "8.5"]
[White "Alarcia Astiz, Carlos"]
[Black "Calvo Gonzalez, Jose Felix"]
[Result "1-0"]
[WhiteElo "2241"]
[BlackElo "2131"]
[PlyCount "67"]
[EventDate "2023.11.19"]
[EventType "team-tourn"]
[EventRounds "14"]
[EventCountry "ESP"]
[SourceTitle "AjedrezenMadrid"]
[Source "lmi"]
[SourceDate "2023.11.19"]
[SourceVersion "1"]
[SourceVersionDate "2024.03.19"]
[SourceQuality "1"]
[WhiteTeam "Blanco y Negro"]
[BlackTeam "Mostoles"]
[WhiteTeamCountry "ESP"]
[BlackTeamCountry "ESP"]

1. e4 c5 2. Nf3 d6 3. d4 cxd4 4. Nxd4 Nf6 5. Nc3 a6 6. Bg5 e6 7. f4 Be7 8. Qf3
Qc7 9. O-O-O Nbd7 10. g4 b5 11. Bxf6 Nxf6 12. g5 Nd7 13. f5 Bxg5+ 14. Kb1 Ne5
15. Qh5 Qe7 16. Nxe6 Bxe6 17. fxe6 g6 18. exf7+ Kxf7 19. Qh3 Kg7 20. Nd5 Qd8
21. Qc3 Ra7 22. Qa3 Qb8 23. h4 Bh6 24. h5 a5 25. Qh3 b4 26. Be2 Qc8 27. Qg3 Qe6
28. Ne3 Bxe3 29. Qxe3 Raa8 30. h6+ Kf7 31. Rhf1+ Ke8 32. Bb5+ Nd7 33. Qd4 Rg8
34. Bc4 1-0

[Event "Madrid-chT 2324"]
[Site "Madrid"]
[Date "2024.02.03"]
[Round "8.5"]
[White "Amador Garcia, Ismael"]
[Black "Centeno Mendoza, Julio Stefano"]
[Result "1-0"]
[WhiteElo "2244"]
[BlackElo "2070"]
[PlyCount "52"]
[EventDate "2023.11.19"]
[EventType "team-tourn"]
[EventRounds "14"]
[EventCountry "ESP"]
[SourceTitle "AjedrezenMadrid"]
[Source "lmi"]
[SourceDate "2023.11.19"]
[SourceVersion "1"]
[SourceVersionDate "2024.03.19"]
[SourceQuality "1"]
[WhiteTeam "Villalba 64"]
[BlackTeam "Collado Villalba"]
[WhiteTeamCountry "ESP"]
[BlackTeamCountry "ESP"]

1. e4 e5 2. Nf3 Nc6 3. Bc4 Bc5 4. d3 Nf6 5. Nc3 d6 6. Na4 O-O 7. Nxc5 dxc5 8.
h3 Qd6 9. Be3 Na5 10. Nd2 Bd7 11. O-O Bc6 12. a3 b6 13. Ba2 Rad8 14. f4 Bb5 15.
fxe5 Qxe5 16. b4 cxb4 17. axb4 Nc6 18. Rf5 Qc3 19. Rxb5 Nxb4 20. Bb3 a5 21. Rf5
Nxd3 22. cxd3 Rd5 23. d4 Rxd4 24. Rc1 Rd3 25. Rf3 Qb2 26. Qc2 b5 1-0

[Event "Madrid-chT 2324"]
[Site "Madrid"]
[Date "2024.02.04"]
[Round "8.5"]
[White "Fernandez Alvarez, Luis"]
[Black "De la Esperanza Martin, Alberto"]
[Result "1-0"]
[WhiteElo "2188"]
[BlackElo "1971"]
[PlyCount "81"]
[EventDate "2023.11.19"]
[EventType "team-tourn"]
[EventRounds "14"]
[EventCountry "ESP"]
[SourceTitle "AjedrezenMadrid"]
[Source "lmi"]
[SourceDate "2023.11.19"]
[SourceVersion "1"]
[SourceVersionDate "2024.03.19"]
[SourceQuality "1"]
[WhiteTeam "San Sebastian de los Reyes"]
[BlackTeam "San Fernando de Henares"]
[WhiteTeamCountry "ESP"]
[BlackTeamCountry "ESP"]

1. e4 e5 2. Nf3 Nc6 3. Bb5 a6 4. Bxc6 dxc6 5. O-O Bg4 6. h3 Bh5 7. g4 Bg6 8.
Nxe5 Qh4 9. Qf3 f6 10. Nxg6 hxg6 11. Kg2 g5 12. d4 Ne7 13. Rh1 Qh7 14. Nc3 Ng6
15. Kg1 Nh4 16. Qe2 O-O-O 17. Be3 Be7 18. Rd1 g6 19. Rd3 f5 20. f3 Qf7 21. Bf2
Rhf8 22. Bxh4 gxh4 23. Kg2 Bg5 24. Rhd1 Bf4 25. d5 cxd5 26. Nxd5 Bg3 27. exf5
Rde8 28. Re3 Kb8 29. Ne7 gxf5 30. Nxf5 Rxe3 31. Qxe3 Re8 32. Qd2 Be5 33. Re1
Bxb2 34. Rxe8+ Qxe8 35. c3 Ba3 36. Nxh4 Bc5 37. Nf5 Qe5 38. h4 Bb6 39. h5 Ba5
40. Qd8+ Ka7 41. Qd4+ 1-0

[Event "Madrid-chT 2324"]
[Site "Madrid"]
[Date "2024.02.04"]
[Round "8.5"]
[White "Rodriguez Lopez, David"]
[Black "Esquivias Quintero, Luis Manuel"]
[Result "1-0"]
[WhiteElo "2176"]
[BlackElo "2278"]
[PlyCount "123"]
[EventDate "2023.11.19"]
[EventType "team-tourn"]
[EventRounds "14"]
[EventCountry "ESP"]
[SourceTitle "AjedrezenMadrid"]
[Source "lmi"]
[SourceDate "2023.11.19"]
[SourceVersion "1"]
[SourceVersionDate "2024.03.19"]
[SourceQuality "1"]
[WhiteTeam "Tajamar"]
[BlackTeam "Alcorcon Diagonal"]
[WhiteTeamCountry "ESP"]
[BlackTeamCountry "ESP"]

1. e4 c5 2. c3 d5 3. exd5 Nf6 4. Bb5+ Nbd7 5. c4 a6 6. Ba4 b5 7. cxb5 Nxd5 8.
Nf3 N5b6 9. Bc2 axb5 10. O-O Bb7 11. b3 e6 12. Nc3 Nf6 13. Re1 b4 14. Ne4 Be7
15. Bb2 O-O 16. Nfg5 Nxe4 17. Nxe4 Bxe4 18. Bxe4 Ra5 19. Re3 f5 20. Bf3 Bf6 21.
Qc2 Bxb2 22. Qxb2 Qf6 23. Qxf6 Rxf6 24. g3 Kf7 25. Rc1 Ke7 26. Re2 Nd7 27. Bc6
Nb8 28. Bf3 Kd6 29. d4 cxd4 30. Rc4 e5 31. Rxb4 Nc6 32. Bxc6 Kxc6 33. Rc4+ Kd5
34. Rc7 g6 35. b4 Ra3 36. Rc5+ Kd6 37. Rexe5 d3 38. Red5+ Ke6 39. Rd4 f4 40.
gxf4 Rxa2 41. Rc6+ Ke7 42. Rxf6 Kxf6 43. Rxd3 Rb2 44. Rd4 Kf5 45. Kg2 Rb3 46.
f3 h5 47. h4 Rb2+ 48. Kg3 Ke6 49. Re4+ Kf6 50. Rc4 Kf5 51. Rc5+ Kf6 52. Rb5 Rc2
53. Rb8 Rc4 54. b5 Rb4 55. b6 Kg7 56. b7 Kh7 57. Kf2 Kg7 58. Ke3 Rb1 59. f5
Rb3+ 60. Ke4 Rb4+ 61. Ke5 Rb3 62. Kd6 1-0

[Event "Madrid-chT 2324"]
[Site "Madrid"]
[Date "2024.02.03"]
[Round "8.6"]
[White "Guillo Longares, Cecilia"]
[Black "Armenteros Peral, Javier"]
[Result "1/2-1/2"]
[WhiteElo "2093"]
[BlackElo "2004"]
[PlyCount "181"]
[EventDate "2023.11.19"]
[EventType "team-tourn"]
[EventRounds "14"]
[EventCountry "ESP"]
[SourceTitle "AjedrezenMadrid"]
[Source "lmi"]
[SourceDate "2023.11.19"]
[SourceVersion "1"]
[SourceVersionDate "2024.03.19"]
[SourceQuality "1"]
[WhiteTeam "Mostoles"]
[BlackTeam "Blanco y Negro"]
[WhiteTeamCountry "ESP"]
[BlackTeamCountry "ESP"]

1. d4 d5 2. c4 e6 3. Nc3 Nf6 4. cxd5 exd5 5. Bg5 Be7 6. e3 c6 7. Bd3 O-O 8. Qc2
h6 9. Bh4 Re8 10. Bg3 Nbd7 11. Nf3 Nb6 12. O-O Be6 13. Ne5 Nh5 14. Bh7+ Kh8 15.
Bf5 Nd7 16. Bxe6 Nxe5 17. Bxd5 Nxg3 18. hxg3 cxd5 19. dxe5 Bb4 20. Qb3 Bxc3 21.
bxc3 Qc7 22. Rad1 Rxe5 23. Rxd5 Rxd5 24. Qxd5 Rd8 25. Qe4 Rd2 26. a4 b6 27. Rb1
Qd7 28. Rb4 f5 29. Qf4 Rc2 30. Rd4 Qf7 31. Rd8+ Kh7 32. g4 Rc1+ 33. Kh2 Rxc3
34. Qxf5+ Qxf5 35. gxf5 Rc5 36. f6 gxf6 37. Rd7+ Kg6 38. Rxa7 b5 39. axb5 Rxb5
40. g4 h5 41. gxh5+ Rxh5+ 42. Kg3 Rg5+ 43. Kf3 Rb5 44. Ra6 Kf5 45. e4+ Kg5 46.
Kg3 Rb3+ 47. f3 Rc3 48. Ra8 Kg6 49. Kg4 Rc6 50. Ra7 Re6 51. Rb7 Re5 52. Rb4
Rg5+ 53. Kf4 Ra5 54. Rb3 Kh6 55. Rd3 Kg6 56. Rd5 Ra6 57. Kg4 Re6 58. Rd4 Ra6
59. f4 Ra7 60. Rd6 Kf7 61. Kf5 Ra5+ 62. Rd5 Ra7 63. Rb5 Rc7 64. Rb6 Rc5+ 65. e5
fxe5 66. fxe5 Rc7 67. Rh6 Rc1 68. Rh7+ Kf8 69. Kf6 Rf1+ 70. Ke6 Re1 71. Rf7+
Ke8 72. Ra7 Kf8 73. Ra5 Re2 74. Ra8+ Kg7 75. Kd6 Kf7 76. Ra7+ Ke8 77. Ke6 Kf8
78. Rd7 Re1 79. Rd8+ Kg7 80. Rd5 Kf8 81. Rc5 Re2 82. Rc8+ Kg7 83. Rc7+ Kf8 84.
Rf7+ Ke8 85. Rf5 Re1 86. Kf6 Kd7 87. Kf7 Re2 88. Kf8 Ke6 89. Rf7 Rxe5 90. Re7+
Kf6 91. Rf7+ 1/2-1/2

[Event "Madrid-chT 2324"]
[Site "Madrid"]
[Date "2024.02.04"]
[Round "8.6"]
[White "Horcajuelo Rocamora, Martin"]
[Black "Zaragoza Alanis, Miguel Arnulfo"]
[Result "1/2-1/2"]
[WhiteElo "2181"]
[BlackElo "2098"]
[PlyCount "81"]
[EventDate "2023.11.19"]
[EventType "team-tourn"]
[EventRounds "14"]
[EventCountry "ESP"]
[SourceTitle "AjedrezenMadrid"]
[Source "lmi"]
[SourceDate "2023.11.19"]
[SourceVersion "1"]
[SourceVersionDate "2024.03.19"]
[SourceQuality "1"]
[WhiteTeam "Alcorcon Diagonal"]
[BlackTeam "Tajamar"]
[WhiteTeamCountry "ESP"]
[BlackTeamCountry "ESP"]

1. e4 e5 2. Nf3 Nc6 3. d4 exd4 4. Nxd4 Nf6 5. Nxc6 bxc6 6. e5 Qe7 7. Qe2 Nd5 8.
h4 f6 9. c4 Ba6 10. exf6 Nxf6 11. Qxe7+ Bxe7 12. Bd3 O-O 13. O-O Ng4 14. g3
Rxf2 15. Rxf2 Bc5 16. Kg2 Nxf2 17. Bf1 Re8 18. Nd2 Nd1 19. Nb3 Be3 20. Bd2 Bxd2
21. Rxd1 Bb4 22. c5 Bxf1+ 23. Kxf1 d6 24. Kf2 Re5 25. cxd6 Bxd6 26. Rc1 c5 27.
Rc3 Kf7 28. Nd2 h6 29. Ra3 Rf5+ 30. Kg2 Rd5 31. Ne4 Rd4 32. Kf3 c4 33. Nxd6+
cxd6 34. Rxa7+ Kf6 35. Rb7 Rd3+ 36. Kg4 g6 37. a4 h5+ 38. Kf4 Rd4+ 39. Kf3 c3
40. bxc3 Rxa4 41. Rd7 1/2-1/2

[Event "Madrid-chT 2324"]
[Site "Madrid"]
[Date "2024.02.04"]
[Round "8.6"]
[White "Rodriguez Lopez, Ruben"]
[Black "Quevedo Marin, Manuel"]
[Result "1-0"]
[WhiteElo "1900"]
[BlackElo "2121"]
[PlyCount "67"]
[EventDate "2023.11.19"]
[EventType "team-tourn"]
[EventRounds "14"]
[EventCountry "ESP"]
[SourceTitle "AjedrezenMadrid"]
[Source "lmi"]
[SourceDate "2023.11.19"]
[SourceVersion "1"]
[SourceVersionDate "2024.03.19"]
[SourceQuality "1"]
[WhiteTeam "San Fernando de Henares"]
[BlackTeam "San Sebastian de los Reyes"]
[WhiteTeamCountry "ESP"]
[BlackTeamCountry "ESP"]

1. e4 c5 2. Nf3 Nc6 3. d4 cxd4 4. Nxd4 Nf6 5. Nc3 d6 6. Bc4 e6 7. Be3 a6 8. Qe2
Na5 9. Bd3 Qc7 10. O-O-O Be7 11. g4 Nd7 12. f4 Nc5 13. Kb1 Bd7 14. Nf5 Bf8 15.
Bd4 Rg8 16. Nd5 exd5 17. exd5+ Ne6 18. Rhe1 O-O-O 19. dxe6 fxe6 20. Ng3 Nc6 21.
Bxh7 Rh8 22. Bg6 Nxd4 23. Rxd4 d5 24. f5 Bc5 25. fxe6 Bxd4 26. exd7+ Kb8 27.
Be8 Qb6 28. c3 Bxc3 29. Rc1 Bf6 30. g5 Bd4 31. Nf5 Bg1 32. Qe5+ Ka8 33. Rc8+
Ka7 34. Qb8# 1-0

[Event "Madrid-chT 2324"]
[Site "Madrid"]
[Date "2024.02.11"]
[Round "9.1"]
[White "Plazuelo Pascual, Juan"]
[Black "Alonso Garcia, Aaron"]
[Result "1-0"]
[WhiteElo "2431"]
[BlackElo "2453"]
[PlyCount "143"]
[EventDate "2023.11.19"]
[EventType "team-tourn"]
[EventRounds "14"]
[EventCountry "ESP"]
[SourceTitle "AjedrezenMadrid"]
[Source "lmi"]
[SourceDate "2023.11.19"]
[SourceVersion "1"]
[SourceVersionDate "2024.03.19"]
[SourceQuality "1"]
[WhiteTeam "Alcorcon Diagonal"]
[BlackTeam "Villalba 64"]
[WhiteTeamCountry "ESP"]
[BlackTeamCountry "ESP"]

1. e4 e6 2. d4 d5 3. Nc3 Nf6 4. e5 Nfd7 5. f4 c5 6. Nf3 Nc6 7. Be3 a6 8. a3 Qb6
9. dxc5 Bxc5 10. Na4 Qa5+ 11. b4 Qxa4 12. bxc5 O-O 13. c4 Qa5+ 14. Qd2 Qxd2+
15. Kxd2 Rd8 16. Kc3 Ne7 17. Bd3 Nf8 18. Rab1 Rd7 19. Nd2 Rc7 20. Rhc1 Bd7 21.
g3 Ba4 22. Bf2 Rd8 23. Be2 Nfg6 24. Kb2 dxc4 25. Nxc4 Bb5 26. Ka1 Nc6 27. Rd1
Rd5 28. Bf1 Nge7 29. Nd6 Rxd1 30. Rxd1 Bxf1 31. Rxf1 Nc8 32. Rb1 Nxd6 33. cxd6
Rd7 34. Bb6 f6 35. Bc7 b5 36. Rc1 Nd4 37. Kb2 fxe5 38. fxe5 Nf3 39. Rc6 Nxe5
40. Rxa6 Rf7 41. Kc3 Rf1 42. Ra5 Rc1+ 43. Kb3 Rc5 44. Bb6 Rd5 45. Ra8+ Kf7 46.
Ra7+ Kg6 47. Bc7 h5 48. Ra8 Nf7 49. Re8 Kf6 50. Rf8 e5 51. Kb4 g6 52. Ka5 e4
53. Re8 Ne5 54. Rxe5 Kxe5 55. d7+ Kf5 56. d8=Q Rxd8 57. Bxd8 Kg4 58. Kxb5 e3
59. Kc4 Kf3 60. Kd3 e2 61. Ba5 Kf2 62. a4 g5 63. Bc3 e1=Q 64. Bxe1+ Kxe1 65.
Ke3 Kf1 66. h4 Kg2 67. hxg5 Kxg3 68. g6 h4 69. g7 h3 70. g8=Q+ Kh2 71. Kf2 Kh1
72. Qg1# 1-0

[Event "Madrid-chT 2324"]
[Site "Madrid"]
[Date "2024.02.11"]
[Round "9.2"]
[White "Trost, Edvin"]
[Black "Rey Martinez, Jaime"]
[Result "1-0"]
[WhiteElo "2434"]
[BlackElo "2337"]
[PlyCount "85"]
[EventDate "2023.11.19"]
[EventType "team-tourn"]
[EventRounds "14"]
[EventCountry "ESP"]
[SourceTitle "AjedrezenMadrid"]
[Source "lmi"]
[SourceDate "2023.11.19"]
[SourceVersion "1"]
[SourceVersionDate "2024.03.19"]
[SourceQuality "1"]
[WhiteTeam "Villalba 64"]
[BlackTeam "Alcorcon Diagonal"]
[WhiteTeamCountry "ESP"]
[BlackTeamCountry "ESP"]

1. d4 d5 2. c4 dxc4 3. Nf3 Nf6 4. e3 e6 5. Bxc4 c5 6. O-O a6 7. Nc3 b5 8. Be2
Nbd7 9. b3 Bb7 10. Bb2 Bd6 11. Rc1 O-O 12. a4 b4 13. Nb1 Qe7 14. Nbd2 Rfd8 15.
Bd3 e5 16. Bc4 h6 17. Nh4 Bc7 18. Qc2 Rac8 19. Rfe1 cxd4 20. exd4 Ng4 21. Nhf3
Nb6 22. h3 Nxc4 23. bxc4 Nf6 24. Nxe5 Bxe5 25. Rxe5 Qc7 26. Qf5 Qc6 27. d5 Qxa4
28. Re7 Bxd5 29. Ra1 Be6 30. Rxe6 Qd7 31. Bxf6 fxe6 32. Qg4 Rf8 33. Bb2 Rf7 34.
Nf3 Qa7 35. Qxe6 Rd8 36. Rxa6 Qd7 37. Qg6 Qf5 38. Qxf5 Rxf5 39. Rb6 Rc5 40.
Rxb4 Rd1+ 41. Kh2 Rb1 42. Rb7 g5 43. Nd2 1-0

[Event "Madrid-chT 2324"]
[Site "Madrid"]
[Date "2024.02.11"]
[Round "9.3"]
[White "Esquivias Quintero, Luis Manuel"]
[Black "Garrido Dominguez, Jesus"]
[Result "0-1"]
[WhiteElo "2278"]
[BlackElo "2406"]
[PlyCount "71"]
[EventDate "2023.11.19"]
[EventType "team-tourn"]
[EventRounds "14"]
[EventCountry "ESP"]
[SourceTitle "AjedrezenMadrid"]
[Source "lmi"]
[SourceDate "2023.11.19"]
[SourceVersion "1"]
[SourceVersionDate "2024.03.19"]
[SourceQuality "1"]
[WhiteTeam "Alcorcon Diagonal"]
[BlackTeam "Villalba 64"]
[WhiteTeamCountry "ESP"]
[BlackTeamCountry "ESP"]

1. e4 d6 2. d4 Nf6 3. Nc3 e5 4. Nf3 Nbd7 5. Bc4 Be7 6. O-O O-O 7. h3 c6 8. a4
b6 9. Qe2 a6 10. Rd1 Qc7 11. d5 cxd5 12. Bxd5 Bb7 13. Bxb7 Qxb7 14. Nh4 g6 15.
Bg5 Rfc8 16. Nf3 Rc5 17. Nh2 Bf8 18. Bxf6 Nxf6 19. Ng4 Nxg4 20. hxg4 Rac8 21.
Rd3 h6 22. Rd2 Be7 23. Qd3 Bg5 24. Re2 R8c6 25. Nd5 a5 26. c3 Qc8 27. Qf3 Kg7
28. g3 b5 29. axb5 Rxb5 30. Kg2 Rc4 31. Qd3 a4 32. Rxa4 Rxa4 33. Qxb5 Ra1 34.
Qd3 Qxg4 35. Ne3 Qh5 36. Qd1 0-1

[Event "Madrid-chT 2324"]
[Site "Madrid"]
[Date "2024.02.11"]
[Round "9.4"]
[White "Garcia Luengo, Leandro"]
[Black "Horcajuelo Rocamora, Martin"]
[Result "1/2-1/2"]
[WhiteElo "2282"]
[BlackElo "2181"]
[PlyCount "147"]
[EventDate "2023.11.19"]
[EventType "team-tourn"]
[EventRounds "14"]
[EventCountry "ESP"]
[SourceTitle "AjedrezenMadrid"]
[Source "lmi"]
[SourceDate "2023.11.19"]
[SourceVersion "1"]
[SourceVersionDate "2024.03.19"]
[SourceQuality "1"]
[WhiteTeam "Villalba 64"]
[BlackTeam "Alcorcon Diagonal"]
[WhiteTeamCountry "ESP"]
[BlackTeamCountry "ESP"]

1. e4 c5 2. Nc3 d6 3. f4 g6 4. Nf3 Bg7 5. d4 cxd4 6. Nxd4 Nc6 7. Nf3 Nf6 8. Bd3
Qb6 9. Qe2 O-O 10. Qe3 Qa5 11. Bd2 Bd7 12. h3 Nb4 13. O-O Qc5 14. Rf2 Qxe3 15.
Bxe3 Bc6 16. Nd4 Rfc8 17. a3 Nxd3 18. cxd3 Nd7 19. Nxc6 bxc6 20. Rd1 Rcb8 21.
Rc2 Rb3 22. Na4 c5 23. Kf2 Nb6 24. Nxb6 axb6 25. d4 Ra4 26. dxc5 bxc5 27. e5
Ra6 28. Rcd2 Bf8 29. Rc2 Rab6 30. Bc1 Kg7 31. Ke2 f6 32. Rd3 Kf7 33. Rc4 f5 34.
Rcc3 Rxc3 35. Rxc3 Bg7 36. b3 Ke6 37. Re3 dxe5 38. Bb2 Kd6 39. Rd3+ Ke6 40. Re3
Kf7 41. Bxe5 Bxe5 42. fxe5 Ke6 43. Kd2 Ra6 44. a4 c4 45. Kc3 cxb3 46. Kxb3 Kd5
47. Kb4 Rb6+ 48. Ka3 f4 49. Re2 g5 50. a5 Rb8 51. Ka4 h5 52. a6 g4 53. hxg4
hxg4 54. Ka5 f3 55. gxf3 gxf3 56. Ra2 Kxe5 57. a7 Rf8 58. Kb4 Ra8 59. Kc3 Kf4
60. Kd2 e5 61. Ra6 Kg5 62. Ke3 e4 63. Ra1 Kg4 64. Rg1+ Kh3 65. Rg7 Rf8 66. Rf7
Rc8 67. Rc7 Rf8 68. Rf7 Ra8 69. Rg7 Kh2 70. Kf2 Kh3 71. Ke3 Kh4 72. Re7 Kg4 73.
Rxe4+ Kf5 74. Kxf3 1/2-1/2

[Event "Madrid-chT 2324"]
[Site "Madrid"]
[Date "2024.02.11"]
[Round "9.5"]
[White "Aguilera Lopez, Alejandro"]
[Black "Amador Garcia, Ismael"]
[Result "1-0"]
[WhiteElo "2166"]
[BlackElo "2244"]
[PlyCount "101"]
[EventDate "2023.11.19"]
[EventType "team-tourn"]
[EventRounds "14"]
[EventCountry "ESP"]
[SourceTitle "AjedrezenMadrid"]
[Source "lmi"]
[SourceDate "2023.11.19"]
[SourceVersion "1"]
[SourceVersionDate "2024.03.19"]
[SourceQuality "1"]
[WhiteTeam "Alcorcon Diagonal"]
[BlackTeam "Villalba 64"]
[WhiteTeamCountry "ESP"]
[BlackTeamCountry "ESP"]

1. Nf3 d5 2. b3 Bf5 3. Bb2 Nd7 4. g3 Ngf6 5. Bg2 e6 6. d3 h6 7. Nbd2 Bh7 8. O-O
a5 9. a3 a4 10. b4 c5 11. c4 dxc4 12. dxc4 Qc7 13. b5 Bd6 14. e4 e5 15. Nh4 O-O
16. Qc2 Rfe8 17. Rad1 Qb8 18. Nf5 Bc7 19. Rfe1 Ba5 20. Re3 Nf8 21. Nf3 Bc7 22.
Re2 Bg6 23. h3 Re6 24. N3h4 Bh5 25. g4 Bg6 26. Re3 N6h7 27. Red3 Qe8 28. Bc1
Bd8 29. Nf3 Bc7 30. Qe2 f6 31. h4 Bf7 32. Be3 Ng6 33. Rd7 Rc8 34. Bxc5 Nhf8 35.
Bxf8 Qxf8 36. Qe3 Bb6 37. Qd2 Bc5 38. Qc2 Nf4 39. Rxb7 Bxa3 40. Rdd7 Bg6 41.
Rxg7+ Kh8 42. Nxh6 Qxg7 43. Rxg7 Kxg7 44. Qxa4 Kxh6 45. Qxa3 Rxc4 46. Qf8+ Kh7
47. h5 Be8 48. g5 Nxh5 49. Bh3 Rc1+ 50. Kh2 Rc2 51. Bf5+ 1-0

[Event "Madrid-chT 2324"]
[Site "Madrid"]
[Date "2024.02.11"]
[Round "9.6"]
[White "Pinto, Daniel"]
[Black "Bravo De la Vega, Alvaro"]
[Result "1-0"]
[WhiteElo "2267"]
[BlackElo "2202"]
[PlyCount "75"]
[EventDate "2023.11.19"]
[EventType "team-tourn"]
[EventRounds "14"]
[EventCountry "ESP"]
[SourceTitle "AjedrezenMadrid"]
[Source "lmi"]
[SourceDate "2023.11.19"]
[SourceVersion "1"]
[SourceVersionDate "2024.03.19"]
[SourceQuality "1"]
[WhiteTeam "Villalba 64"]
[BlackTeam "Alcorcon Diagonal"]
[WhiteTeamCountry "ESP"]
[BlackTeamCountry "ESP"]

1. c4 e6 2. Nf3 Nf6 3. g3 d5 4. Bg2 Be7 5. O-O O-O 6. d3 c5 7. e3 Nc6 8. b3 b6
9. Bb2 Bb7 10. a3 a6 11. Nbd2 dxc4 12. dxc4 Qc7 13. Qc2 h6 14. h3 Rad8 15. g4
Nd7 16. Ne4 Nf6 17. Ng3 Nd7 18. Nh5 e5 19. Ng3 Rfe8 20. Rad1 Bf8 21. g5 g6 22.
gxh6 Bxh6 23. Ne4 Bg7 24. Nd6 Re6 25. Nxb7 Qxb7 26. Ng5 Ree8 27. Bd5 Rf8 28.
Qxg6 Nf6 29. Bxc6 Qxc6 30. Qf5 Rde8 31. Bxe5 Rxe5 32. Qxe5 Re8 33. Qf4 Qb7 34.
Rd6 Ne4 35. Nxe4 Rxe4 36. Rd8+ Kh7 37. Qf5+ Kh6 38. Rd5 1-0

[Event "Madrid-chT 2324"]
[Site "Madrid"]
[Date "2024.02.11"]
[Round "9.1"]
[White "Vazquez Igarza, Renier"]
[Black "Martinez Reyes, Pedro Ramon"]
[Result "1-0"]
[WhiteElo "2517"]
[BlackElo "2343"]
[PlyCount "117"]
[EventDate "2023.11.19"]
[EventType "team-tourn"]
[EventRounds "14"]
[EventCountry "ESP"]
[SourceTitle "AjedrezenMadrid"]
[Source "lmi"]
[SourceDate "2023.11.19"]
[SourceVersion "1"]
[SourceVersionDate "2024.03.19"]
[SourceQuality "1"]
[WhiteTeam "Collado Villalba"]
[BlackTeam "Blanco y Negro"]
[WhiteTeamCountry "ESP"]
[BlackTeamCountry "ESP"]

1. d4 Nf6 2. c4 e6 3. Nf3 b6 4. Nc3 Bb7 5. a3 d5 6. Bg5 Be7 7. e3 O-O 8. Rc1
Nbd7 9. cxd5 exd5 10. Bd3 a6 11. O-O Re8 12. Bf4 Nf8 13. h3 c5 14. Bb1 Ne6 15.
Bh2 g6 16. Ne5 Bf8 17. Kh1 Ng7 18. f3 Rc8 19. Qd2 b5 20. Rcd1 Qb6 21. Ng4 Ngh5
22. Ba2 Rcd8 23. Ne5 Ng7 24. Qf2 Ne6 25. Ng4 Nh5 26. dxc5 Qxc5 27. Be5 Bg7 28.
b4 Qc8 29. Bxg7 Kxg7 30. Nxd5 Bxd5 31. Qb2+ f6 32. Bxd5 Rd6 33. Bb3 Red8 34.
Rxd6 Rxd6 35. Rc1 Rc6 36. Rd1 Nf8 37. Qd4 Ng3+ 38. Kh2 Qc7 39. f4 Nf5 40. Qe4
h5 41. Nf2 Nd6 42. Qd4 Nf5 43. Qe4 Nd6 44. Qd5 Nc4 45. Ne4 Ne6 46. Qd7+ Qxd7
47. Rxd7+ Kf8 48. Nxf6 Nxf4 49. exf4 Rxf6 50. Kg3 Nxa3 51. Rc7 Rd6 52. Kh4 Rd4
53. Kg5 Rxb4 54. Be6 Re4 55. f5 Nc4 56. Kf6 Nd6 57. Rh7 Ne8+ 58. Kxg6 Nd6 59.
f6 1-0